| 000 | 00510nam a2200217Ia 4500 | ||
|---|---|---|---|
| 008 | 170203s9999 xx 000 0 und d | ||
| 020 | _a1557231753 | ||
| 050 | _aFic | ||
| 050 | _b.D612 | ||
| 245 | _aWinnie the Pooh and Tigger too / | ||
| 260 | _aBurbank, Ca. : | ||
| 260 | _bWalt Disney. | ||
| 300 | _a24 pages ; | ||
| 440 | _aDisney | ||
| 650 | _aBears -- | ||
| 650 | _aFriendship -- | ||
| 650 | _aFriendship -- | ||
| 650 | _xFiction. | ||
| 650 | _xFiction. | ||
| 650 | _xJuvenile fiction. | ||
| 999 |
_c306219 _d306219 |
||